| 000 | 00692pam a2200217 i 4500 | ||
|---|---|---|---|
| 001 | 1827214 | ||
| 005 | 20241125173813.0 | ||
| 008 | 800930s1981 mauaf b 001 0 eng | ||
| 020 |
_a0205073158 (pbk.) : _c$18.95 |
||
| 050 | 0 | 0 |
_aQB45 _b.W832 1981 |
| 082 | 0 | 0 |
_a520 _219 |
| 100 | 1 | _aWyatt, Stanley P. | |
| 245 | 1 | 0 |
_aPrinciples of astronomy : _ba short version / _cStanley P. Wyatt, James B. Kaler. |
| 250 | _a2nd ed. | ||
| 260 |
_aBoston, Mass. : _bAllyn and Bacon, INC. _cc1981. |
||
| 300 |
_axiii, 516, [28] p., [8] leaves of plates : _bill. ; _c23 cm. |
||
| 500 | _aIncludes index. | ||
| 650 | 0 | _aAstronomy. | |
| 700 | 1 |
_aKaler, James B., _ejoint author. |
|
| 942 |
_2lcc _cBK _e2nd ed. _n0 |
||
| 999 |
_c1531 _d1531 |
||